000 00737nam a2200217Ia 4500
003 GCL
008 140319s9999 xx 000 0 ara d
040 _aGCL /
_cGCL
082 0 4 _a013.03
_bا هـ
100 1 _aاسماعيل البغدادى
245 1 0 _aهدية العارفين اسماء المؤلفين واثار المصنفين /
_cاسماعيل البغدادى
260 _aتركيا :
_bوكالة المعارف الجليلة ،
_c1955
300 _aمتعدد ؛
_c32 سم
650 0 4 _aالكتب
650 0 4 _aالمؤلفون
650 0 4 _aالببليوجرافيات
650 0 4 _aالببليوجرافيا
650 0 4 _aالمؤلفون العرب
650 0 4 _aالمصنفون
942 _2ddc
_cBK
999 _c59307
_d59307